[Event "Santo Domingo U2000 op"]
[Site "Santo Domingo"]
[Date "2017.06.03"]
[Round "2"]
[White "Brea Herrera, Hector Paul"]
[Black "Contreras Rodriguez, Felipe"]
[Result "0-1"]
[WhiteElo "1655"]
[BlackElo "1895"]
[PlyCount "32"]
[EventDate "2017.06.02"]
[EventType "swiss"]
[EventRounds "8"]
[EventCountry "DOM"]
[SourceTitle "CBM 178 Extra"]
[Source "ChessBase"]
[SourceDate "2017.06.22"]
[SourceVersion "1"]
[SourceVersionDate "2017.06.22"]
[SourceQuality "1"]

1. e4 c5 2. Nf3 a6 3. d4 cxd4 4. Nxd4 b5 5. Nc3 Bb7 6. Bd3 Qc7 7. 0-0 Nf6 8. Re1 d6 9. f4 Nbd7 10. a3 e6 11. Kh1 Be7 12. b4 Qxc3 13. Nxb5 axb5 14. Bxb5 Qxa1 15. e5 dxe5 16. fxe5 Nd5 0-1

[Event "Santo Domingo U2000 op"]
[Site "Santo Domingo"]
[Date "2017.06.02"]
[Round "1"]
[White "Arias Diaz, Ernesto Antonio"]
[Black "Brea Herrera, Hector Paul"]
[Result "0-1"]
[WhiteElo "1908"]
[BlackElo "1655"]
[PlyCount "56"]
[EventDate "2017.06.02"]
[EventType "swiss"]
[EventRounds "8"]
[EventCountry "DOM"]
[SourceTitle "CBM 178 Extra"]
[Source "ChessBase"]
[SourceDate "2017.06.22"]
[SourceVersion "1"]
[SourceVersionDate "2017.06.22"]
[SourceQuality "1"]

1. e4 c5 2. Nf3 e6 3. g3 Nf6 4. d3 h6 5. Bg2 d5 6. exd5 exd5 7. 0-0 Bd6 8. b3 0-0 9. Bb2 d4 10. a4 Bg4 11. Qd2 Nc6 12. Na3 Re8 13. Nc4 Bc7 14. Rfe1 Ba5 15. Nxa5 Qxa5 16. Qxa5 Nxa5 17. Ne5 Be6 18. b4 cxb4 19. Bxd4 Rac8 20. Rac1 b6 21. h3 Nd7 22. c4 Nb3 23. Bb2 Nxc1 24. Rxc1 Nxe5 25. Bxe5 Bxc4 26. Bxg7 Bxd3 27. Rxc8 Rxc8 28. Bxh6 b3 0-1